[Event "19th Open"]
[Site "Reykjavik ISL"]
[Date "2000.04.13"]
[Round "9"]
[White "DeFirmian,N"]
[Black "Wojtkiewicz,A"]
[Result "0-1"]
[WhiteElo "2570"]
[BlackElo "2563"]

1.e4 c5 2.Nf3 g6 3.d4 Bg7 4.Nc3 cxd4 5.Nxd4 Nc6 6.Be3 Nf6 7.Bc4 O-O 8.Bb3 a5
9.f3 d5 10.Bxd5 Nxd5 11.exd5 Nb4 12.Nde2 Bf5 13.Rc1 b5 14.O-O Nxc2 15.Rxc2 Bxc2
16.Qxc2 b4 17.Na4 Qxd5 18.Nb6 Qe6 19.Bf2 Rab8 20.Nc4 Rbc8 21.b3 Rfd8 22.Re1 a4
23.Nf4 Qf5 24.Qxf5 gxf5 25.Nb6 Rc2 26.Nxa4 Rxa2 27.Rxe7 Bc3 28.Kf1 Rd1+ 29.Be1 Raa1
30.Nxc3 bxc3 31.Re2 c2 32.Rxc2 Rxe1+ 33.Kf2 Rec1 34.Re2 Rc5 35.Re8+ Kg7 36.Rb8  0-1

[Event "Japfa Open"]
[Site "Bali INA"]
[Date "2000.05.05"]
[Round "3"]
[White "Wojtkiewicz,A"]
[Black "Kasmiran"]
[Result "1-0"]
[WhiteElo "2563"]
[BlackElo "2315"]

1.Nf3 Nf6 2.c4 g6 3.g3 Bg7 4.Bg2 O-O 5.d4 d6 6.O-O Nbd7 7.Nc3 e5 8.e4 c6
9.Rb1 Re8 10.h3 exd4 11.Nxd4 a5 12.Re1 Ne5 13.b3 h6 14.Bf4 g5 15.Bc1 Qb6
16.Be3 Qb4 17.Qc2 Nfd7 18.Red1 Nc5 19.Nce2 a4 20.Bd2 axb3 21.axb3 Qb6 22.b4 Ncd3
23.Bc3 Nxf2 24.Kxf2 Nxc4 25.Ra1 Rxa1 26.Rxa1 d5 27.exd5 Ne3 28.Qd3 Bf5 29.Qxe3 Rxe3
30.Kxe3 cxd5 31.g4 Be6 32.Kd2 Qd6 33.Bf1 Kh7 34.Ra7 Qb8 35.Ra5 Qh2 36.Ke3 Qe5+
37.Kf2 Qd6 38.Bg2 Kg6 39.Kf1 Kh7 40.Ra8 Qe7 41.Kf2 h5 42.gxh5 Qd7 43.Ng1 Qc7
44.Ra3 Kh6 45.Ngf3 Kxh5 46.Bf1 g4 47.hxg4+ Bxg4 48.Be2 f5 49.Bb2 Bf6 50.Ra5 Bh4+
51.Nxh4 Kxh4 52.Ra3 Qh2+ 53.Ke1 Qg1+ 54.Kd2 Qf2 55.Nf3+ Kh5 56.Bd4 Qg3 57.Be5 Qg2
58.Ra8 Qf2 59.Bd4 Qg3 60.Rh8+ Kg6 61.Ne5+ Kg5 62.Rg8+ Kh6 63.Nxg4+ fxg4 64.Rxg4 Qh2
65.Be3+ Kh7 66.Bf4 Qf2 67.Bg3 Qg2 68.b5 d4 69.Be5 Qd5 70.Bd3+ Kh6 71.Bf4+  1-0

[Event "Japfa Open"]
[Site "Bali INA"]
[Date "2000.05.11"]
[Round "9"]
[White "Wojtkiewicz,A"]
[Black "Villamayor,B"]
[Result "0-1"]
[WhiteElo "2563"]
[BlackElo "2474"]

1.Nf3 d5 2.d4 Nf6 3.c4 c6 4.Qc2 dxc4 5.Qxc4 Bf5 6.Nc3 e6 7.g3 Nbd7 8.Bg2 Be7
9.O-O O-O 10.e3 Ne4 11.Qe2 Nxc3 12.bxc3 Be4 13.Bb2 c5 14.Rfc1 Rc8 15.a4 Qc7
16.Bf1 e5 17.Nd2 Bc6 18.e4 exd4 19.cxd4 cxd4 20.Nb3 Bf6 21.Nxd4 Rfe8 22.Nxc6 bxc6
23.Bxf6 Nxf6 24.Rc4 Qe5 25.Re1 g6 26.f4 Qa5 27.Rec1 Qb6+ 28.Kh1 h5 29.Bh3 Rc7
30.e5 c5 31.Qf3 Ng4 32.Bxg4 hxg4 33.Qxg4 Qb7+ 34.Kg1 Rd8 35.Qe2 Rcd7 36.Qe4 Rd1+
37.Rxd1 Rxd1+ 38.Kg2 Rd2+ 39.Kh3 Qb2 40.Rxc5 Rxh2+ 41.Kg4 Qf2 42.Rc1 Kg7
43.Re1 a5 44.Rd1 Rh8 45.Rc1 Qh2 46.Kf3 Rb8 47.Rb1 Rc8 48.Re1 Rc3+ 49.Re3 Rc2  0-1

[Event "Jack Collins Int Final A"]
[Site "New York USA"]
[Date "2000.06.19"]
[Round "1"]
[White "Wojtkiewicz,A"]
[Black "Gustafsson,J"]
[Result "0-1"]
[WhiteElo "2563"]
[BlackElo "2484"]

1.Nf3 d5 2.d4 Nf6 3.c4 e6 4.g3 dxc4 5.Bg2 Nc6 6.Qa4 Bb4+ 7.Bd2 Bd6 8.Ne5 Bxe5
9.Bxc6+ bxc6 10.dxe5 Qd5 11.f3 Nd7 12.Nc3 Qc5 13.f4 O-O 14.O-O-O Rb8 15.Kb1 a5
16.Ne4 Qb5 17.Qc2 Re8 18.Bc3 a4 19.a3 Qb3 20.Kc1 Qxc2+ 21.Kxc2 c5 22.Rhe1 Bb7
23.Nd2 Nb6 24.Ba5 Red8 25.Kc1 c3 26.Bxc3 Bc6 27.Ba5 Nd5 28.e4 Nb6 29.Bxb6 Rxb6
30.Nc4 Rbb8 31.Rxd8+ Rxd8 32.Re3 Kf8 33.Nd2 Rd4 34.Rc3 Ke7 35.Rxc5 Kd7 36.Nf3 Rd3
37.Nd2 Rd4 38.Ra5 Kc8 39.Kc2 Kb7 40.Kc3 Rxd2 41.Kxd2 Kb6  0-1

[Event "Jack Collins Int Final A"]
[Site "New York USA"]
[Date "2000.06.21"]
[Round "3"]
[White "Wojtkiewicz,A"]
[Black "Bonin,J"]
[Result "1-0"]
[WhiteElo "2563"]
[BlackElo "2419"]

1.Nf3 Nf6 2.c4 e6 3.g3 d5 4.d4 c5 5.cxd5 exd5 6.Bg2 Nc6 7.O-O Be7 8.Nc3 O-O
9.b3 Ne4 10.Bb2 Bf6 11.Nxe4 dxe4 12.Nd2 Bxd4 13.Bxd4 cxd4 14.Nxe4 b6 15.Rc1 Bb7
16.Qd2 Qe7 17.Qg5 Qxg5 18.Nxg5 Rac8 19.Rc4 Rfd8 20.Rfc1 h6 21.Nxf7 Kxf7 22.Bxc6 Ba6
23.Bb5 Bb7 24.Rc7+ Kf6 25.Kf1 a5 26.Ke1 Rxc7 27.Rxc7 Bd5 28.Kd2 Rd6 29.Bc4 Bxc4
30.bxc4 g5 31.Kd3 g4 32.Rh7 Kg6 33.Re7 Rf6 34.Re4 Rxf2 35.Rxg4+ Kh5 36.Rh4+ Kg5
37.a4 h5 38.Kd2 Rg2 39.Kd3 Rf2 40.Kxd4 Rxe2 41.Kd5 Rb2 42.Kc6 Rb4 43.Kb7 Kg6
44.Ka6 Rxa4 45.Kxb6 Ra1 46.Kb5 a4 47.Kb4 a3 48.Kb3 Kg5 49.Rf4 Kg6 50.Rf2 Kg5
51.c5 Rc1 52.Rc2 Rxc2 53.Kxc2 Kf5 54.Kb3  1-0

[Event "Jack Collins Int Final A"]
[Site "New York USA"]
[Date "2000.06.23"]
[Round "4"]
[White "Zugic,I"]
[Black "Wojtkiewicz,A"]
[Result "0-1"]
[WhiteElo "2396"]
[BlackElo "2563"]

1.d4 g6 2.Nf3 Bg7 3.e4 c5 4.d5 Nf6 5.Nc3 d6 6.Be2 O-O 7.O-O e6 8.dxe6 Bxe6
9.Ng5 Nc6 10.f4 Nd4 11.Nxe6 fxe6 12.Be3 Qb6 13.Rb1 Qc6 14.Bxd4 cxd4 15.Qxd4 Nd5
16.Qc4 Nxf4 17.Qxc6 bxc6 18.Bf3 Rab8 19.Na4 Be5 20.b3 Kg7 21.g3 Nh3+ 22.Kg2 Ng5
23.Nb2 Bxb2 24.Rxb2 c5 25.c3 a5 26.Rd2 Rb6 27.Bg4 Re8 28.h4 Nf7 29.Be2 Ne5
30.Rfd1 Rd8 31.Kf2 Kf6 32.Ke3 Ke7 33.Rf1 Ra8 34.Rb1 h6 35.Rdb2 a4 36.bxa4 Rxb2
37.Rxb2 Rxa4 38.Rb7+ Kf6 39.Rb6 Rxa2 40.Rxd6 Rc2 41.Rd8 Rxc3+ 42.Kf2 h5 43.Rf8+ Ke7
44.Ra8 Rb3 45.Bd1 Rb2+ 46.Ke3 Rg2 47.Kf4 Nd3+ 48.Kf3 Rb2 49.Ke3 Ne5 50.Kf4 Kf6
51.Rf8+ Nf7 52.Rc8 Rd2 53.Bf3 Rd3 54.e5+ Nxe5 55.Be4 Rd4 56.Rf8+ Ke7 57.Rg8 Nc4
58.Rg7+ Kd6  0-1

[Event "World Open"]
[Site "Philadelphia USA"]
[Date "2000.07.03"]
[Round "7"]
[White "Dougherty,M"]
[Black "Wojtkiewicz,A"]
[Result "0-1"]
[WhiteElo "2251"]
[BlackElo "2563"]

1.d4 g6 2.Nf3 Bg7 3.c4 c5 4.d5 b5 5.e4 Nf6 6.Nbd2 O-O 7.Be2 bxc4 8.Bxc4 e6
9.O-O exd5 10.exd5 d6 11.Re1 Nbd7 12.Nf1 Nb6 13.Ne3 Bb7 14.Qd3 Nxc4 15.Qxc4 Nd7
16.Bd2 Bxb2 17.Rab1 Nb6 18.Qd3 Bg7 19.h4 c4 20.Qe4 Re8 21.Qf4 c3  0-1

[Event "Chesswise International"]
[Site "Stratton Mountain USA"]
[Date "2000.07.12"]
[Round "3"]
[White "Rahman,Zia"]
[Black "Wojtkiewicz,A"]
[Result "1/2-1/2"]
[WhiteElo "2421"]
[BlackElo "2581"]

1.c4 c5 2.Nf3 g6 3.d4 Bg7 4.e4 Qb6 5.dxc5 Qxc5 6.Be2 d6 7.O-O Bg4 8.Be3 Qc7
9.Nd4 Bxe2 10.Qxe2 Nc6 11.Nb5 Qd8 12.Rd1 a6 13.N5c3 Nf6 14.c5 O-O 15.Na3 Qe8
16.Nd5 Nxd5 17.exd5 Ne5 18.Bd4 Rc8 19.b3 Qd7 20.Rac1 Qf5 21.b4 Rfd8 22.Nc2 Qf4
23.Ne3 h5 24.a3 Qe4 25.Bxe5 Qxe5 26.c6 bxc6 27.dxc6 Bh6 28.a4 Rc7 29.b5 Rb8
30.Rb1 Bxe3 31.fxe3 Qe4 32.Ra1 axb5 33.axb5 Qf5 34.Rab1 Rxc6 35.bxc6 Rxb1
36.Rxb1 Qxb1+ 37.Qf1 Qc2 38.Qb5 Qd2 39.Kf1 Kg7 40.Qc4 Qd1+ 41.Kf2 Qd2+ 42.Kf1  1/2-1/2

[Event "Chesswise International"]
[Site "Stratton Mountain USA"]
[Date "2000.07.14"]
[Round "7"]
[White "Sadvakasov,D"]
[Black "Wojtkiewicz,A"]
[Result "1/2-1/2"]
[WhiteElo "2509"]
[BlackElo "2581"]

1.e4 c5 2.Nf3 g6 3.d4 Bg7 4.c3 cxd4 5.cxd4 d5 6.exd5 Nf6 7.Bb5+ Nbd7 8.d6 exd6
9.Qe2+ Qe7 10.Bf4 Qxe2+ 11.Bxe2 Ke7 12.Nc3 Nb6 13.O-O Nbd5 14.Nxd5+ Nxd5
15.Bg5+ f6 16.Bd2 Be6 17.Rfe1 Nc7 18.Rac1 Kd7 19.Bd1 Rac8 20.Ba5 Nb5 21.Be2 a6
22.a4 Na7 23.Nd2 Rxc1 24.Rxc1 Nc6 25.Bc3 Rc8 26.Nc4 Bxc4 27.Bxc4 Nxd4 28.Bxd4 d5
29.b3 dxc4 30.Rxc4 Rxc4 31.bxc4 Kc6 32.Kf1 Bf8 33.Ke2 f5 34.f3 Bc5 35.Bc3 Bd6
36.h3 Kc5 37.Kd3  1/2-1/2

[Event "World Open"]
[Site "Philadelphia USA"]
[Date "2000.07.29"]
[Round "2"]
[White "Wojtkiewicz,A"]
[Black "Goletiani,R"]
[Result "1-0"]
[WhiteElo "2563"]
[BlackElo "2325"]

1.Nf3 c5 2.c4 Nf6 3.Nc3 e6 4.g3 b6 5.Bg2 Bb7 6.O-O Be7 7.d4 cxd4 8.Qxd4 d6
9.Rd1 a6 10.Bg5 Nbd7 11.Qd2 O-O 12.Bf4 Ne8 13.e4 Rc8 14.b3 Qc7 15.Rac1 Qb8
16.Qe2 Qa8 17.b4 Ndf6 18.Nd4 Rc7 19.Nb3 Nd7 20.a3 Qc8 21.Na4 Bc6 22.Nc3 Bb7
23.Bf1 Ne5 24.Bxe5 dxe5 25.Na4 Rc6 26.c5 bxc5 27.Na5 Rd6 28.Nxc5 Rxd1 29.Qxd1 Bxc5
30.Rxc5 Qa8 31.f3 Nf6 32.Rc7 Rd8 33.Qc2 Qa7+ 34.Qc5 Qxc5+ 35.bxc5 Ba8 36.c6 Ne8
37.Ra7 Kf8  1-0

[Event "101st US Open"]
[Site "Saint Paul USA"]
[Date "2000.08.10"]
[Round "6"]
[White "Wojtkiewicz,A"]
[Black "Karklins,A"]
[Result "1-0"]
[WhiteElo "2581"]
[BlackElo "2304"]

1.Nf3 Nf6 2.c4 e6 3.d4 Bb4+ 4.Bd2 Qe7 5.g3 Bxd2+ 6.Qxd2 d6 7.Nc3 c5 8.Bg2 O-O
9.O-O Nc6 10.Rad1 Rb8 11.b3 Rd8 12.d5 exd5 13.cxd5 Nb4 14.Rfe1 Bg4 15.Nh4 Qd7
16.f3 Bh3 17.Bxh3 Qxh3 18.e4 c4 19.bxc4 Qc8 20.Nf5 Qc5+ 21.Kh1 Ne8 22.Rc1 Na6
23.Nb5 g6 24.Nh6+ Kg7 25.Nd4 Qc7 26.Ng4 Nc5 27.e5 dxe5 28.Rxe5 Nd7 29.Re7 Qd6
30.Rce1 Kf8 31.Qh6+ Kg8 32.Rxf7 Kxf7 33.Qxh7+ Ng7 34.Ne6 Rg8 35.Ng5+ Kf8
36.Nh6  1-0

[Event "101st US Open"]
[Site "Saint Paul USA"]
[Date "2000.08.12"]
[Round "8"]
[White "Wojtkiewicz,A"]
[Black "Nagle,S"]
[Result "1/2-1/2"]
[WhiteElo "2581"]
[BlackElo "2402"]

1.Nf3 d5 2.d4 c6 3.c4 Nf6 4.Qc2 g6 5.Bf4 Bg7 6.e3 O-O 7.Nc3 a6 8.c5 Nbd7
9.Be2 Nh5 10.Bg5 Qe8 11.O-O h6 12.Bf4 g5 13.Bc7 f5 14.Na4 g4 15.Nh4 e6 16.Bd6 Bf6
17.Bxf8 Nxf8 18.g3 Bxh4 19.gxh4 Nf6 20.f3 h5 21.Bd3 Ng6 22.Qf2 Bd7 23.Qg3 Qe7
24.Kh1 Kh8 25.Nc3 Rg8 26.Ne2 gxf3 27.Nf4 Ne5 28.Nxd5 exd5 29.Qxe5 Qxe5 30.dxe5 Ng4
31.h3 Nxe5 32.Rad1 Rg6 33.Kh2 Rg2+ 34.Kh1 Rg3 35.Kh2 Rg2+  1/2-1/2

[Event "chT-POL"]
[Site "Zakopane chT"]
[Date "2000.09.02"]
[Round "1"]
[White "Markowski,T"]
[Black "Wojtkiewicz,A"]
[Result "1-0"]
[WhiteElo "2568"]
[BlackElo "2581"]

1.g3 e5 2.c4 Nf6 3.Bg2 d5 4.cxd5 Nxd5 5.Nf3 Nc6 6.O-O Nb6 7.Nc3 Be7 8.d3 O-O
9.a3 Re8 10.b4 Bf8 11.Nd2 a5 12.b5 Nd4 13.e3 Ne6 14.Nf3 Ng5 15.Nxg5 Qxg5
16.Bb2 Qd8 17.Rc1 a4 18.Qh5 Bd6 19.Ne4 Qe7 20.d4 Nd7 21.Rfd1 h6 22.Nxd6 cxd6
23.dxe5 Nxe5 24.h3 Be6 25.b6 Nc4 26.Rxc4  1-0

[Event "chT-POL"]
[Site "Zakopane chT"]
[Date "2000.09.03"]
[Round "2"]
[White "Zezulkin,J"]
[Black "Wojtkiewicz,A"]
[Result "1-0"]
[WhiteElo "2529"]
[BlackElo "2581"]

1.e4 c5 2.Nc3 g6 3.Nf3 Bg7 4.d4 cxd4 5.Nxd4 Nc6 6.Be3 Nf6 7.Bc4 O-O 8.Bb3 a5
9.f3 d5 10.Bxd5 Nxd5 11.Nxd5 f5 12.Nxc6 bxc6 13.Nb6 Rb8 14.Qxd8 Rxd8 15.Rd1 Rxd1+
16.Kxd1 Bxb2 17.Nxc8 Rxc8 18.exf5 gxf5 19.Ke2 Be5 20.f4 Bd6 21.Rb1 Kf7 22.Rb6 Rb8
23.Rxb8 Bxb8 24.Kd3 Ke6 25.Kc4 Kd7 26.g3 Kc7 27.Bc5 e6 28.a4 Kb7 29.Kd4 Bc7
30.Be7 Kb6 31.c4 Kb7 32.Ba3 Kc8 33.Kc5 Kd7 34.Bb2 Bd8 35.Be5 h5 36.Bc3 h4
37.gxh4 Bxh4 38.Kb6 Bd8+ 39.Ka6 Kd6 40.Bd4 e5 41.fxe5+ Ke6 42.Kb7 f4 43.Kxc6 f3
44.c5 Be7 45.Bf2  1-0

[Event "chT-POL"]
[Site "Zakopane chT"]
[Date "2000.09.06"]
[Round "5"]
[White "Wojtkiewicz,A"]
[Black "Urban,K"]
[Result "1/2-1/2"]
[WhiteElo "2581"]
[BlackElo "2472"]

1.d4 c5 2.d5 Nf6 3.Nc3 g6 4.e4 d6 5.Be2 Bg7 6.Nf3 O-O 7.O-O e6 8.Nd2 exd5
9.exd5 Nbd7 10.a4 Ne8 11.Nc4 Nb6 12.Nxb6 Qxb6 13.Nb5 Qd8 14.Na3 b6 15.c3 Nc7
16.Nc4 Ba6 17.Bf4 Bxc4 18.Bxc4 a6 19.Qd2 Qd7 20.Rfe1 Rfe8 21.Bf1 Rxe1 22.Rxe1 Rd8
23.g3 Bf8 24.b3 Re8  1/2-1/2

[Event "chT-POL"]
[Site "Zakopane chT"]
[Date "2000.09.08"]
[Round "6"]
[White "Sygulski,B"]
[Black "Wojtkiewicz,A"]
[Result "0-1"]
[WhiteElo "2355"]
[BlackElo "2581"]

1.d4 Nf6 2.c4 g6 3.Nc3 Bg7 4.e4 O-O 5.Nf3 c6 6.e5 Ne8 7.Be2 d6 8.O-O dxe5
9.Nxe5 Nd6 10.Be3 Nf5 11.Qd2 c5 12.Bf4 g5 13.Bxg5 cxd4 14.Nd5 f6 15.Bd3 fxg5
16.Qxg5 Nc6 17.f4 e6 18.Bxf5 Qxg5 19.fxg5 exd5 20.Nxc6 bxc6 21.Bxc8 Raxc8
22.Rac1 d3 23.Rfd1 Bxb2  0-1

[Event "chT-POL"]
[Site "Zakopane chT"]
[Date "2000.09.09"]
[Round "7"]
[White "Wojtkiewicz,A"]
[Black "Gritsak,O"]
[Result "1/2-1/2"]
[WhiteElo "2581"]
[BlackElo "2500"]

1.Nf3 c5 2.c4 Nc6 3.d4 cxd4 4.Nxd4 Nf6 5.Nc3 e6 6.Ndb5 d5 7.Bf4 e5 8.cxd5 exf4
9.dxc6 bxc6 10.Qxd8+ Kxd8 11.O-O-O+ Bd7 12.Nd6 Bxd6 13.Rxd6 Ng4 14.f3 Ne3
15.Rd4 g5 16.Ne4 Ke7 17.Nxg5 Rhd8 18.g3 Bf5 19.Rxd8 Rxd8 20.Bh3 Bg6 21.Ne4 Rd4
22.Nc3 f5 23.b3 Kd6 24.gxf4 Rxf4 25.Kd2 Nd5 26.Nxd5 cxd5 27.Bg2 Rd4+ 28.Ke3 Ke5
29.f4+ Rxf4 30.Bxd5 Rd4 31.Bf3 f4+ 32.Kf2 Rd2 33.a4 Bc2 34.a5 Bxb3 35.Rb1 Bd5
36.Bxd5  1/2-1/2

[Event "Governors Cup"]
[Site "Sioux Falls USA"]
[Date "2000.09.29"]
[Round "1"]
[White "Taffinder,D"]
[Black "Wojtkiewicz,A"]
[Result "0-1"]
[WhiteElo "2187"]
[BlackElo "2581"]

1.e4 c5 2.Nf3 g6 3.d4 Bg7 4.c4 Qb6 5.Nc3 cxd4 6.Nd5 Qa5+ 7.b4 Qd8 8.Nxd4 e6
9.Ne3 Ne7 10.Rb1 O-O 11.Nb5 d5 12.cxd5 a6 13.Na3 exd5 14.exd5 b5 15.Bb2 Nf5
16.Nac2 Bxb2 17.Rxb2 Qf6 18.Rb3 Rd8 19.g3 Nc6 20.Bg2 a5 21.a3 axb4 22.axb4 Nxe3
23.Rxe3 Nxb4 24.O-O Nxc2 25.Qxc2 Bd7 26.Qc3 Qxc3 27.Rxc3 b4 28.Rb3 Rdb8 29.Rfb1 Bf5
30.R1b2 Ra1+ 31.Bf1 Bh3 32.Rb1 Rxb1 33.Rxb1 Bf5 34.Rb2 b3 35.Bc4 Bc2 36.Kf1 Rb4
37.Bxb3 Bxb3 38.Rd2 Kf8 39.d6 Ke8 40.d7+ Kd8  0-1

[Event "Governors Cup"]
[Site "Sioux Falls USA"]
[Date "2000.09.30"]
[Round "3"]
[White "Adler,V"]
[Black "Wojtkiewicz,A"]
[Result "0-1"]
[WhiteElo "2425"]
[BlackElo "2581"]

1.e4 c5 2.Nf3 d6 3.d4 cxd4 4.Nxd4 Nf6 5.Nc3 a6 6.Bg5 e6 7.f4 b5 8.a3 Nbd7
9.Qf3 Qc7 10.Bd3 Bb7 11.Bh4 Be7 12.Bf2 d5 13.Nde2 dxe4 14.Nxe4 Nxe4 15.Bxe4 Bxe4
16.Qxe4 Nb6 17.O-O O-O 18.Nd4 Nc4 19.a4 Nd2 20.Qc6 Qxf4 21.Rfe1 Rfc8 22.Qb7 Bc5
23.c3 Nb3 24.Rad1 bxa4 25.Qd7 Qb8 26.Qxa4 Nxd4 27.cxd4 Bd6 28.d5 Bxh2+ 29.Kh1 exd5
30.Rxd5 Bg3 31.Bxg3 Qxg3 32.Rde5 g6 33.Qe4 Rab8 34.Qd5 Qh4+ 35.Kg1 Rd8 36.Qc6 Qd4+
37.Kh1 Rxb2 38.Qxa6 Qh4+  0-1

[Event "Open de Corse"]
[Site "Bastia FRA"]
[Date "2000.11.03"]
[Round "5"]
[White "Djuric,S"]
[Black "Wojtkiewicz,A"]
[Result "1/2-1/2"]
[WhiteElo "2472"]
[BlackElo "2581"]

1.d4 d5 2.Nf3 c6 3.e3 Nf6 4.c4 Bf5 5.Nc3 e6 6.Bd3 Bxd3 7.Qxd3 Nbd7 8.O-O Be7
9.e4 dxe4 10.Nxe4 Nxe4 11.Qxe4 O-O 12.Rd1  1/2-1/2

[Event "Open de Corse"]
[Site "Bastia FRA"]
[Date "2000.11.03"]
[Round "7"]
[White "Drazic,S"]
[Black "Wojtkiewicz,A"]
[Result "1/2-1/2"]
[WhiteElo "2508"]
[BlackElo "2581"]

1.d4 Nf6 2.Nf3 g6 3.c4 Bg7 4.Nc3 O-O 5.h3 d5 6.cxd5 Nxd5 7.Bd2 Nb6 8.Bf4 Nc6
9.e3 Be6 10.Be2 Nd5 11.Nxd5 Bxd5 12.Ng1  1/2-1/2

[Event "National Chess Congress"]
[Site "Philadelphia USA"]
[Date "2000.11.26"]
[Round "1"]
[White "Wojtkiewicz,A"]
[Black "Steigman,A"]
[Result "1-0"]
[WhiteElo "2581"]
[BlackElo "2248"]

1.Nf3 Nf6 2.c4 e6 3.g3 b6 4.Bg2 c6 5.O-O d5 6.b3 Bd6 7.Bb2 O-O 8.Nc3 Qe7
9.d4 Ba6 10.Nd2 Nbd7 11.a4 Rfe8 12.e4 dxe4 13.Ndxe4 Nxe4 14.Bxe4 Rac8 15.a5 b5
16.c5 Bb8 17.Re1 Nf6 18.Bg2 Qc7 19.Ne4 Nxe4 20.Bxe4 Rcd8 21.Qh5 h6 22.Qf3 Rc8
23.Qc3 f5 24.Bc2 Rcd8 25.b4 Bc8 26.Qf3 Re7 27.Re2 Rde8 28.Rae1 Kh7 29.h4 a6
30.Bc1 Qd7 31.Bf4 Bxf4 32.Qxf4 g6 33.Bb3 Rd8 34.Bxe6 Qxd4 35.Qxd4 Rxd4 36.Bxc8 Rxe2
37.Rxe2 Rxb4 38.Re7+ Kh8 39.Re6 Rb1+ 40.Kg2 Kg7 41.Rxc6 b4 42.Rxa6 b3 43.Rb6 Rc1
44.c6 b2 45.Rxb2 Rxc6 46.Rb7+ Kg8 47.Rb8 Kf7 48.a6 Rc7 49.Rb7  1-0

[Event "National Chess Congress"]
[Site "Philadelphia USA"]
[Date "2000.11.26"]
[Round "2"]
[White "Anderson,R"]
[Black "Wojtkiewicz,A"]
[Result "0-1"]
[WhiteElo "2228"]
[BlackElo "2581"]

1.e4 c5 2.Nf3 g6 3.c4 Bg7 4.d4 Qb6 5.dxc5 Qxc5 6.Be2 d6 7.h3 Nc6 8.O-O Be6
9.Na3 a6 10.Rb1 Nf6 11.Be3 Qa5 12.Nd2 O-O 13.f4 Rab8 14.g4 b5 15.f5 Bxc4
16.Naxc4 bxc4 17.Nxc4 Qxa2 18.Ra1 Qb3 19.Rxa6 Ne5 20.Qxb3 Rxb3 21.Ra3 Rxa3
22.bxa3 Nxe4 23.Nxe5 Bxe5 24.fxg6 hxg6 25.Bd3 Nc3 26.Bc4 e6 27.Kg2 Rc8 28.Bd3 Ra8
29.Bc1 Na2 30.Bf4 Bxf4 31.Rxf4 Rxa3 32.Rd4 d5 33.h4 Nb4  0-1

[Event "National Chess Congress"]
[Site "Philadelphia USA"]
[Date "2000.11.28"]
[Round "5"]
[White "Shabalov,A"]
[Black "Wojtkiewicz,A"]
[Result "1-0"]
[WhiteElo "2601"]
[BlackElo "2581"]

1.e4 c5 2.Nf3 g6 3.d4 Bg7 4.d5 Nf6 5.Nc3 d6 6.Be2 O-O 7.O-O e6 8.Bf4 exd5
9.exd5 Na6 10.Nd2 Nc7 11.Nc4 b5 12.Nxd6 b4 13.Na4 Nfxd5 14.Bg3 Bd7 15.Nxc5 Bxb2
16.Bf3 Bc6 17.Rb1 Nc3 18.Bxc6 Nxd1 19.Rfxd1 Qf6 20.Nd7 Qc3 21.Bxa8  1-0

[Event "XIII Carlos Torre Open"]
[Site "Merida MEX"]
[Date "2000.12.16"]
[Round "3"]
[White "Gonzalez,JC"]
[Black "Wojtkiewicz,A"]
[Result "1-0"]
[WhiteElo "2531"]
[BlackElo "2581"]

1.c4 c5 2.Nf3 g6 3.Nc3 Bg7 4.g3 Nc6 5.Bg2 b6 6.O-O Bb7 7.e3 Bxc3 8.bxc3 d6
9.d3 Qd7 10.e4 h6 11.Nd2 e6 12.Nb3 Nge7 13.a4 a5 14.Nd2 f5 15.Rb1 Ra6 16.exf5 exf5
17.Nf3 Nd8 18.Re1 g5 19.Rb2 Kf8 20.d4 Bc6 21.Ra2 Qc7 22.d5 Bd7 23.h4 g4 24.Ne5 Rh7
25.Bf4 Nf7 26.Nxd7+ Qxd7 27.Re6 Ra7 28.Rae2 Qd8 29.R2e3 Kg7 30.Qd3 Rd7 31.f3 h5
32.fxg4 hxg4 33.Qe2 Ng8 34.Re8 Qc7 35.Be4 Nf6 36.Bxf5  1-0

[Event "North American Open"]
[Site "Las Vegas USA"]
[Date "2000.12.29"]
[Round "6"]
[White "Wojtkiewicz,A"]
[Black "Adianto,U"]
[Result "0-1"]
[WhiteElo "2581"]
[BlackElo "2583"]

1.Nf3 Nf6 2.c4 e6 3.g3 b6 4.Bg2 Bb7 5.O-O c5 6.Nc3 Be7 7.d4 cxd4 8.Qxd4 d6
9.Rd1 a6 10.Bg5 Nbd7 11.Qd2 O-O 12.Bf4 Ne8 13.e4 Qc7 14.Rac1 Rc8 15.b3 Ne5
16.Qe2 Nf6 17.Nd4 Rfe8 18.h3 Qb8 19.Be3 Bf8 20.Re1 Ned7 21.Bg5 h6 22.Bd2 Qa8
23.Kh2 g6 24.f4 Bg7 25.Nf3 Rcd8 26.Rcd1 Nc5 27.e5 dxe5 28.fxe5 Nfe4 29.Nxe4 Nxe4
30.h4 Bf8 31.Rf1 Rd7 32.Be1 Red8 33.Rxd7 Rxd7 34.Nd2 Nxd2  0-1

[Event "17th Open"]
[Site "Geneva SUI"]
[Date "2001.01.21"]
[Round "2"]
[White "Hentunen,A"]
[Black "Wojtkiewicz,A"]
[Result "1/2-1/2"]
[WhiteElo "2346"]
[BlackElo "2572"]

1.c4 c5 2.Nc3 g6 3.g3 Bg7 4.Bg2 Nc6 5.a3 b6 6.b4 Bb7 7.Nh3 Bxc3 8.dxc3 d6
9.O-O Qd7 10.f4 f5 11.Nf2 Nf6 12.e4 O-O-O 13.Re1 e6 14.Ra2 Rhe8 15.e5 dxe5
16.Qxd7+ Nxd7 17.Bxc6 Bxc6 18.fxe5 Kc7 19.Bg5 Ra8 20.Rd2 a6 21.Nd3 b5 22.Nxc5 Nxc5
23.bxc5 bxc4 24.Rb1 Rab8 25.Rxb8 Rxb8 26.Rd6 Bd5 27.Kf2 h6 28.Bf6 Rb2+ 29.Ke1 Rxh2
30.Rxd5 exd5 31.e6 Rh1+ 32.Kf2 Rh2+ 33.Ke1 Rh1+ 34.Kd2 Rh2+ 35.Kd1 Rh1+ 36.Ke2 Rh2+
37.Kf1 Rh1+ 38.Kf2 Rh2+ 39.Ke1 Rh1+ 40.Kd2 Rh2+ 41.Ke3 Rh1 42.Ke2  1/2-1/2

[Event "17th Open"]
[Site "Geneva SUI"]
[Date "2001.01.22"]
[Round "3"]
[White "Wojtkiewicz,A"]
[Black "Zueger,B"]
[Result "1-0"]
[WhiteElo "2572"]
[BlackElo "2448"]

1.Nf3 Nf6 2.c4 g6 3.Nc3 Bg7 4.d4 d6 5.e4 Bg4 6.Be2 O-O 7.Be3 Nfd7 8.Ng1 Bxe2
9.Ngxe2 c5 10.d5 a6 11.a4 Qa5 12.Bd2 Ne5 13.b3 Nd3+ 14.Kf1 Nd7 15.Qb1 Nb4
16.g3 Qc7 17.Kg2 e6 18.Qc1 exd5 19.exd5 Rfe8 20.Bh6 Bxh6 21.Qxh6 Re5 22.Qd2 Rae8
23.Rhe1 Qd8 24.Ng1 Rxe1 25.Rxe1 Rxe1 26.Qxe1 Nc2 27.Qd1 Nd4 28.Nf3 Nxf3 29.Qxf3 Nf6
30.g4 h6 31.h3 Kg7 32.Qe3 Qb6 33.Ne2 Qd8 34.Ng3 Kh7 35.a5 Kg7 36.Qe1 Kg8
37.f3 Kh7 38.h4 Kg8 39.Qd2 Kg7 40.g5 hxg5 41.hxg5 Nh7 42.Ne4 f5 43.gxf6+ Nxf6
44.Ng5 Qe7 45.Ne6+ Kh7 46.Qg5 Qf7 47.Qf4 Qe7 48.Qh4+ Kg8 49.Qh6 Qf7 50.Nf4 Nd7
51.Qxg6+ Qxg6+ 52.Nxg6 Kf7 53.Nf4 b6 54.axb6 Nxb6 55.Ne2 Kf6 56.f4 Nd7 57.Ng3 a5
58.Kf3 Nb6 59.Ne4+ Ke7 60.Nc3 Nd7 61.Kg4 Nf6+ 62.Kf5 Nd7 63.Kg6 Nf6 64.f5 Nd7
65.Ne4 Ne5+ 66.Kg7 Nf7 67.f6+ Ke8 68.Kg8 Nh6+ 69.Kh7  1-0

[Event "17th Open"]
[Site "Geneva SUI"]
[Date "2001.01.24"]
[Round "5"]
[White "Wojtkiewicz,A"]
[Black "Bergez,L"]
[Result "1/2-1/2"]
[WhiteElo "2572"]
[BlackElo "2426"]

1.Nf3 d5 2.d4 c6 3.c4 e6 4.Nbd2 f5 5.g3 Nf6 6.Bg2 Bd6 7.O-O O-O 8.Qc2 Qe7
9.Ne5 Nbd7 10.Ndf3 Ne4 11.Bf4 Ndf6 12.c5 Bc7 13.Nd3 Bd8 14.b4 Bd7 15.a4 a5
16.b5 cxb5 17.axb5 Bxb5 18.Rfb1 Ba6 19.Nfe5 Ne8 20.f3 N4f6 21.Bg5 Bc7 22.Nf4 Rc8
23.Qb2 g6 24.Kh1 Ng7 25.e4 dxe4 26.fxe4 Qe8 27.exf5 Nxf5 28.Re1 Ng7 29.Bxf6 Rxf6
30.d5 Bxe5 31.Rxe5 Rxc5 32.dxe6 Qb5 33.Qxb5 Rxb5 34.Bd5 Kf8 35.e7+ Ke8 36.Rc1 Kd7
37.Kg1 Rf5 38.Be6+ Kxe7 39.Rxb5 Rxb5 40.Rc7+ Kf6 41.Rf7+ Ke5 42.Rxg7 Rb1+
43.Kg2 Rb2+ 44.Kh3 Kf6 45.Rf7+ Kg5 46.g4 Rc2 47.Bd5 Rc3+ 48.Kg2 Kh4 49.Nh3 Bc4
50.Rxh7+ Kxg4 51.Nf2+ Kf5 52.Bxc4 Rxc4 53.Rxb7 a4 54.Ra7 Kf4 55.Ra6 g5 56.Ra5 g4
57.Nd3+ Ke4 58.Nc5+ Kf5 59.Nd3+ Ke4 60.Ne5 Rc2+ 61.Kg3 a3 62.Nxg4 a2 63.h4 Kd4
64.h5 Rc5 65.Ra4+ Kc3 66.h6 Kb2 67.Nf6 Rg5+ 68.Kh4 Rg6 69.h7 Rh6+  1/2-1/2

[Event "17th Open"]
[Site "Geneva SUI"]
[Date "2001.01.26"]
[Round "7"]
[White "Wojtkiewicz,A"]
[Black "Miton,K"]
[Result "1/2-1/2"]
[WhiteElo "2572"]
[BlackElo "2497"]

1.Nf3 Nc6 2.d4 d5 3.Bf4 Bg4 4.e3 e6 5.c4 Bb4+ 6.Nc3 Nge7 7.Rc1 O-O 8.a3 Bxc3+
9.Rxc3 Na5 10.h3 Bh5 11.c5 Bxf3 12.Qxf3 Ng6 13.Bh2 Nc6 14.Bd3 e5 15.dxe5 Re8
16.Bxg6 hxg6 17.O-O Nxe5 18.Bxe5 Rxe5  1/2-1/2

[Event "17th Open"]
[Site "Geneva SUI"]
[Date "2001.01.27"]
[Round "8"]
[White "Wojtkiewicz,A"]
[Black "Lazarev,V"]
[Result "1-0"]
[WhiteElo "2572"]
[BlackElo "2505"]

1.Nf3 d5 2.d4 Nf6 3.c4 dxc4 4.e3 e6 5.Bxc4 c5 6.O-O a6 7.dxc5 Qxd1 8.Rxd1 Bxc5
9.Be2 Nbd7 10.Nbd2 b6 11.Nb3 Be7 12.Nfd4 Bb7 13.f3 g5 14.e4 Rg8 15.Be3 g4
16.Kf2 gxf3 17.gxf3 Rc8 18.Rac1 Rxc1 19.Bxc1 Nh5 20.Be3 Bh4+ 21.Kf1 Be7 22.a4 Bd8
23.Rc1 Nhf6 24.Nc6 Nh5 25.Nxd8 Kxd8 26.a5 b5 27.Kf2 Nhf6 28.Bb6+ Ke8 29.Rc7 Bc8
30.Bc5 Kd8 31.Ra7 Ne8 32.Bb6+ Ke7 33.Nc5 Kd6 34.Nxd7 Bxd7 35.e5+ Kc6 36.f4  1-0

[Event "Linklater Mem"]
[Site "San Francisco USA"]
[Date "2001.03.02"]
[Round "5"]
[White "Lakdawala,C"]
[Black "Wojtkiewicz,A"]
[Result "1/2-1/2"]
[WhiteElo "2436"]
[BlackElo "2572"]

1.d4 Nf6 2.Nf3 g6 3.c4 Bg7 4.Nc3 O-O 5.e4 c6 6.Bd3 d6 7.h3 a6 8.O-O b5 9.e5 dxe5
10.dxe5 Nfd7 11.e6  1/2-1/2